Kraje z najgorszą jakością powietrza - 1/2 - Statystyki

Ogólne statystyki
  • Ten quiz został rozwiązany 68 razy
  • Średni wynik to 12 z 25
Statystyki odpowiedzi
AVG Kraj % Poprawnych
39.12 Chiny
97%
58.08 Indie
87%
65.81 Pakistan
66%
39.60 Irak
64%
83.30 Bangladesz
62%
34.06 Wietnam
62%
58.80 Afganistan
57%
51.71 Indonezja
56%
62.00 Mongolia
54%
32.20 Syria
54%
31.00 Mjanma
51%
44.46 Nepal
51%
41.20 Uzbekistan
49%
33.20 Kirgistan
48%
38.94 Zjednoczone Emiraty Arabskie
44%
25.51 Armenia
43%
32.10 Demokratyczna Republika Konga
41%
38.30 Kuwejt
41%
25.20 Sri Lanka
34%
46.80 Bahrajn
33%
29.10 Uganda
20%
34.58 Bośnia i Hercegowina
16%
25.49 Bułgaria
15%
30.30 Ghana
13%
32.40 Macedonia Północna
11%
Nie znaleziono quizów pasujących do podanych kryteriów
Rozkład punktacji
Procent ludzi z każdym wynikiem
Percentyl według liczby udzielonych odpowiedzi
Twoja historia wyników
Nie rozwiązałeś tego quizu